000
00299nam a22001337a 4500
008
181009b xxu||||| |||| 00| 0 eng d
020
_a
9780316173643
041
_a
eng
080
_a
616.8
100
_a
7
101
_a
NEU
245
_a
Medical Neurosciences
_c
Westmoreland, B.F
942
_2
udc
_c
BK
999
_c
49165
_d
49165